[Event "Gibtelecom Masters"]
[Site "Gibraltar"]
[Date "2009.01.30"]
[Round "4.16"]
[White "Cramling, Pia"]
[Black "Armbrust, Florian"]
[Result "1-0"]
[WhiteElo "2548"]
[BlackElo "2321"]
[PlyCount "87"]
[EventDate "2009.01.27"]

1. d4 Nf6 2. c4 c5 3. d5 e5 4. Nc3 d6 5. e4 Be7 6. Bd3 Nbd7 7. Be3 a6 8. Nf3
O-O 9. h3 Nh5 10. Qd2 g6 11. g4 Ng7 12. Rg1 Nf6 13. a3 Kh8 14. b4 b6 15. Nh2
Ng8 16. f4 exf4 17. Bxf4 cxb4 18. axb4 Nf6 19. Nf3 Nd7 20. Ne2 Bb7 21. Ned4 a5
22. b5 Ne5 23. Be2 Nxf3+ 24. Bxf3 Bh4+ 25. Ke2 Bf6 26. Kd3 Be5 27. h4 f6 28.
Ra3 Qe7 29. Be3 f5 30. gxf5 gxf5 31. exf5 Bc8 32. Nc6 Bxf5+ 33. Ke2 Qxh4 34.
Nxe5 dxe5 35. Qc3 Be4 36. Bxe4 Qxe4 37. Qd3 Qf3+ 38. Kd2 Qf6 39. Raa1 Nf5 40.
Raf1 e4 41. Rxf5 Qxf5 42. Bd4+ Rf6 43. Qxe4 Qxe4 44. Bxf6# 1-0

[Event "Gibtelecom Masters"]
[Site "Gibraltar"]
[Date "2009.01.30"]
[Round "4.21"]
[White "Rasch, Holger"]
[Black "Carlsson, Pontus"]
[Result "1/2-1/2"]
[WhiteElo "2301"]
[BlackElo "2509"]
[PlyCount "59"]
[EventDate "2009.01.27"]

1. e4 c5 2. c3 d5 3. exd5 Qxd5 4. d4 g6 5. Nf3 Bg7 6. Na3 cxd4 7. Bc4 Qe4+ 8.
Be3 Nh6 9. cxd4 O-O 10. O-O Nf5 11. Qb3 Nd6 12. Bd3 Qg4 13. Rac1 Nc6 14. h3 Qd7
15. d5 Ne5 16. Nxe5 Bxe5 17. Bg5 Rd8 18. Rfe1 Bf6 19. Bxf6 exf6 20. Qc3 Kg7 21.
Re3 Nf5 22. Bxf5 Qxf5 23. Nb5 Bd7 24. Nd6 Qxd5 25. Rd3 Qe5 26. Qxe5 fxe5 27.
Nxb7 Rdc8 28. Rxc8 Bxc8 29. Nc5 Bf5 30. Ra3 1/2-1/2

[Event "Gibtelecom Masters"]
[Site "Gibraltar"]
[Date "2009.01.30"]
[Round "4.24"]
[White "Al Sayed, Mohamad N"]
[Black "Tscharotschkin, Michael"]
[Result "1-0"]
[WhiteElo "2488"]
[BlackElo "2248"]
[PlyCount "69"]
[EventDate "2009.01.27"]

1. d4 d5 2. c4 c6 3. Nc3 e6 4. e4 dxe4 5. Nxe4 Bb4+ 6. Bd2 Bxd2+ 7. Qxd2 Nf6 8.
Nxf6+ Qxf6 9. Nf3 O-O 10. Bd3 h6 11. Qe3 Re8 12. O-O Nd7 13. c5 Qe7 14. Rfe1
Nf8 15. Ne5 Rd8 16. a4 Bd7 17. a5 Be8 18. a6 Rdb8 19. axb7 Rxb7 20. Nc4 Rd8 21.
Ra4 Qf6 22. Rd1 Ng6 23. Bxg6 Qxg6 24. Qc3 Qg4 25. f3 Qg5 26. Nd6 Re7 27. Rda1
e5 28. dxe5 Qxe5 29. Qxe5 Rxe5 30. Rxa7 Bd7 31. Rc7 Be6 32. Rxc6 Re2 33. b4 Rb2
34. b5 Bd7 35. Rc7 1-0

[Event "Gibtelecom Masters"]
[Site "Gibraltar"]
[Date "2009.01.30"]
[Round "4.27"]
[White "Spence, David J"]
[Black "Bruno, Fabio"]
[Result "1-0"]
[WhiteElo "2223"]
[BlackElo "2460"]
[PlyCount "79"]
[EventDate "2009.01.27"]

1. e4 c5 2. c3 Nf6 3. e5 Nd5 4. Nf3 d6 5. d4 cxd4 6. cxd4 Nc6 7. Bc4 e6 8. O-O
Be7 9. Qe2 O-O 10. Nc3 Nxc3 11. bxc3 dxe5 12. dxe5 Qc7 13. Qe4 b6 14. Bd3 g6
15. Bh6 Rd8 16. Rad1 Bb7 17. Qf4 Rd7 18. Bb1 Rad8 19. Rc1 Na5 20. Ng5 f5 21. h4
Nc4 22. Rfe1 Qc6 23. Qg3 Ba3 24. Rc2 Rd1 25. Rce2 Bc1 26. Nxe6 Bxh6 27. Nxd8
Rxd8 28. Bxf5 Nd2 29. e6 Bf4 30. Qg4 Re8 31. h5 Re7 32. hxg6 h5 33. Qh3 Kg7 34.
Rd1 Qd5 35. Kh1 Ba6 36. Qh4 Bxe2 37. Qxe7+ Kh6 38. g7 Qxf5 39. g8=Q Be5 40.
Qef8+ 1-0

[Event "Gibtelecom Masters"]
[Site "Gibraltar"]
[Date "2009.01.30"]
[Round "4.28"]
[White "Kandic, Milan"]
[Black "Socko, Monika"]
[Result "1/2-1/2"]
[WhiteElo "2208"]
[BlackElo "2449"]
[PlyCount "63"]
[EventDate "2009.01.27"]

1. d4 Nf6 2. Bf4 g6 3. Nc3 Bg7 4. e4 d6 5. Nf3 a6 6. e5 Nh5 7. Bg5 Nc6 8. exd6
Qxd6 9. d5 Nb4 10. Bd3 Nxd5 11. Nxd5 Qxd5 12. O-O Bg4 13. Qe1 O-O 14. Be4 Qb5
15. Bd3 Qxb2 16. Qxe7 Bxf3 17. gxf3 Qc3 18. Rab1 Rfe8 19. Qb4 Qe5 20. Bd2 Bf8
21. Qc3 Qe6 22. Rfe1 Qh3 23. Bf1 Qf5 24. Rxe8 Rxe8 25. Rxb7 Bd6 26. Qc6 Nf6 27.
Rb3 Re6 28. Qc4 Qh5 29. h3 Qe5 30. f4 Qh5 31. Re3 Nd5 32. Rxe6 1/2-1/2

[Event "Gibtelecom Masters"]
[Site "Gibraltar"]
[Date "2009.01.30"]
[Round "4.29"]
[White "Bravetti, Antonio"]
[Black "Bellon Lopez, Juan Manuel"]
[Result "0-1"]
[WhiteElo "2205"]
[BlackElo "2440"]
[PlyCount "178"]
[EventDate "2009.01.27"]

1. d4 e6 2. c4 Nf6 3. g3 d5 4. Bg2 a6 5. Qc2 Nc6 6. Nf3 Nb4 7. Qb3 dxc4 8. Qxc4
Qd5 9. Qxd5 exd5 10. Na3 Bd6 11. O-O O-O 12. Bd2 Ne4 13. Bxb4 Bxb4 14. Rfc1 c6
15. Nc2 Bd6 16. Nce1 Re8 17. Nd3 a5 18. Kf1 f6 19. Rc2 Re7 20. Rd1 Bg4 21. Ng1
Bf5 22. Rcc1 Rae8 23. e3 h5 24. Nc5 Nxc5 25. dxc5 Be5 26. Rd2 h4 27. Ne2 Bg4
28. Nd4 Kf7 29. Bf3 Bd7 30. b3 Rh8 31. Ke2 hxg3 32. hxg3 Rh2 33. Kd3 Re8 34.
Rh1 Rxh1 35. Bxh1 Bg4 36. Bg2 Rh8 37. Rc2 Bh5 38. Rd2 Bg6+ 39. Ke2 Rh2 40. Kf1
Ke7 41. a3 Rh8 42. Bf3 f5 43. Bd1 Kf6 44. Kg1 Bh7 45. f4 Bxd4 46. exd4 Re8 47.
Kf2 g5 48. Bf3 g4 49. Bg2 Bg6 50. Re2 Rb8 51. Rc2 Be8 52. Rc3 Bd7 53. Re3 b6
54. cxb6 Rxb6 55. Bf1 Bc8 56. Ke1 Ba6 57. Bxa6 Rxa6 58. Kd2 Rb6 59. Kc2 Rb8 60.
Rc3 Rb6 61. Re3 Rb8 62. Rc3 Rc8 63. Rc5 Ke6 64. Rxa5 Kd6 65. Rc5 Re8 66. Rc3
Re2+ 67. Kd1 Re4 68. Rd3 c5 69. dxc5+ Kxc5 70. Kd2 d4 71. Kd1 Re8 72. Kd2 Rh8
73. Kc2 Kd5 74. a4 Rc8+ 75. Kb2 Ke4 76. Rd1 d3 77. b4 Ke3 78. b5 d2 79. Kb3 Rc1
80. Rxd2 Kxd2 81. Kb4 Kd3 82. b6 Kd4 83. Kb5 Kd5 84. a5 Rb1+ 85. Ka6 Kc6 86.
Ka7 Rb5 87. Ka6 Rb3 88. Ka7 Ra3 89. a6 Kb5 0-1

[Event "Gibtelecom Masters"]
[Site "Gibraltar"]
[Date "2009.01.30"]
[Round "4.30"]
[White "Kozlov, Oleg"]
[Black "Sachdev, Tania"]
[Result "1/2-1/2"]
[WhiteElo "2187"]
[BlackElo "2435"]
[PlyCount "92"]
[EventDate "2009.01.27"]

1. Nf3 Nf6 2. g3 d5 3. Bg2 e6 4. O-O Be7 5. d4 O-O 6. c4 dxc4 7. Qc2 a6 8. a4
Bd7 9. Bg5 Bc6 10. Qxc4 a5 11. Nc3 Na6 12. Rfd1 Nb4 13. Rac1 Qe8 14. Nb5 Rc8
15. Ne5 Bxg2 16. Kxg2 c6 17. Nc3 Nbd5 18. Qb3 Rb8 19. Bxf6 Bxf6 20. Ne4 Bxe5
21. dxe5 Qe7 22. Nd6 Qg5 23. e4 Qxe5 24. exd5 Qxd6 25. dxc6 bxc6 26. Rxd6 Rxb3
27. Rdxc6 Rxb2 28. R1c5 g6 29. Rc8 Rxc8 30. Rxc8+ Kg7 31. Rc5 f5 32. h4 Kf6 33.
Rxa5 Ra2 34. Kf3 Ra3+ 35. Ke2 h6 36. Kf1 g5 37. hxg5+ hxg5 38. Kg2 g4 39. Kf1
Ra2 40. Ke1 Ke7 41. Ra6 Kf6 42. Ra5 e5 43. Ra6+ Kg5 44. Ra5 Kf6 45. Ra6+ Kg5
46. Ra5 Kf6 1/2-1/2

[Event "Gibtelecom Masters"]
[Site "Gibraltar"]
[Date "2009.01.30"]
[Round "4.31"]
[White "Hommeles, Theo"]
[Black "Kvisla, Johannes Luangtep"]
[Result "1-0"]
[WhiteElo "2410"]
[BlackElo "2208"]
[PlyCount "87"]
[EventDate "2009.01.27"]

1. e4 e5 2. Nf3 Nc6 3. Bb5 a6 4. Ba4 Nf6 5. O-O Be7 6. Re1 b5 7. Bb3 d6 8. c3
O-O 9. h3 a5 10. d3 a4 11. Bc2 Bd7 12. Nbd2 Re8 13. Nf1 h6 14. Ng3 Bf8 15. d4
g6 16. Bd2 Na5 17. b3 axb3 18. axb3 c5 19. Qe2 exd4 20. cxd4 Nc6 21. Rxa8 Qxa8
22. dxc5 dxc5 23. Bc3 Bg7 24. Qxb5 Nd4 25. Qd3 Bb5 26. Qd1 Rd8 27. Bxd4 cxd4
28. Bd3 Bxd3 29. Qxd3 Nd7 30. b4 Ne5 31. Nxe5 Bxe5 32. Ne2 Qa2 33. b5 Bc7 34.
Rc1 Bb6 35. Rc6 Qa5 36. g3 Rb8 37. Nf4 Ba7 38. Ra6 Qe1+ 39. Kg2 Bc5 40. Nxg6
Qc3 41. Ne5 Kg7 42. Qe2 Qc1 43. Qh5 Rb7 44. Nd3 1-0

[Event "Gibtelecom Masters"]
[Site "Gibraltar"]
[Date "2009.01.30"]
[Round "4.33"]
[White "Lovik, Lasse Ostebo"]
[Black "Perez Ponsa, Federico"]
[Result "1/2-1/2"]
[WhiteElo "2184"]
[BlackElo "2390"]
[PlyCount "62"]
[EventDate "2009.01.27"]

1. e4 c5 2. Nf3 d6 3. d4 cxd4 4. Nxd4 Nf6 5. Nc3 a6 6. Be2 e5 7. Nb3 Be7 8. Bg5
Be6 9. Bxf6 Bxf6 10. Qd3 Bg5 11. Rd1 Nc6 12. a3 Rc8 13. O-O O-O 14. Qxd6 Qxd6
15. Rxd6 Be7 16. Rd2 Rfd8 17. Nd5 Bg5 18. Rdd1 b5 19. c4 bxc4 20. Bxc4 Nd4 21.
Nxd4 Rxc4 22. Nf3 Bxd5 23. Nxg5 h6 24. Nxf7 Kxf7 25. exd5 Rc5 26. g3 a5 27. f4
Rdxd5 28. b4 Rxd1 29. Rxd1 Rc3 30. bxa5 Rxa3 31. fxe5 Rxa5 1/2-1/2

[Event "Gibtelecom Masters"]
[Site "Gibraltar"]
[Date "2009.01.30"]
[Round "4.34"]
[White "Calzetta, Monica"]
[Black "Hagesaether, Arne"]
[Result "1-0"]
[WhiteElo "2371"]
[BlackElo "2184"]
[PlyCount "45"]
[EventDate "2009.01.27"]

1. e4 c6 2. d4 d5 3. f3 dxe4 4. fxe4 e5 5. Nf3 Bg4 6. Bc4 Nd7 7. O-O Ngf6 8. c3
Bd6 9. Qe1 O-O 10. Bg5 Qb6 11. Nbd2 Rae8 12. Bd3 Qc7 13. Qh4 Bh5 14. Nxe5 Bxe5
15. dxe5 Qxe5 16. Nc4 Qc5+ 17. Be3 Qe7 18. e5 b5 19. exf6 Nxf6 20. Ne5 Qxe5 21.
Bd4 Qd5 22. Rxf6 c5 23. Rf5 1-0

[Event "Gibtelecom Masters"]
[Site "Gibraltar"]
[Date "2009.01.30"]
[Round "4.37"]
[White "Van Eijk, Sander"]
[Black "Collier, David O"]
[Result "1-0"]
[WhiteElo "2355"]
[BlackElo "2083"]
[PlyCount "53"]
[EventDate "2009.01.27"]

1. e4 c6 2. d4 d5 3. e5 c5 4. Nf3 Bg4 5. Bb5+ Nc6 6. dxc5 e6 7. Be3 Nge7 8. b4
Ng6 9. Qd4 Bxf3 10. Bxc6+ bxc6 11. gxf3 Nh4 12. Nd2 Nf5 13. Qd3 f6 14. Bd4 Nxd4
15. Qxd4 fxe5 16. Qxe5 Qf6 17. Qxf6 gxf6 18. Ke2 Rb8 19. c3 e5 20. Rhg1 d4 21.
a3 a5 22. Kd3 dxc3 23. Kxc3 Kf7 24. Nc4 axb4+ 25. axb4 Ke6 26. Ra6 Rc8 27. Na5
1-0

[Event "Gibtelecom Masters"]
[Site "Gibraltar"]
[Date "2009.01.30"]
[Round "4.38"]
[White "Fairbairn, Stephen"]
[Black "Solomon, Kenny"]
[Result "0-1"]
[WhiteElo "2068"]
[BlackElo "2348"]
[PlyCount "94"]
[EventDate "2009.01.27"]

1. g3 Nf6 2. Bg2 d5 3. d3 c6 4. Nd2 e5 5. e4 Bd6 6. Ngf3 O-O 7. h3 Re8 8. O-O
Nbd7 9. Re1 Bf8 10. Nf1 g6 11. Bg5 h6 12. Bd2 Bg7 13. Qc1 Kh7 14. N3h2 dxe4 15.
dxe4 Nc5 16. Bc3 Qc7 17. Qe3 Ne6 18. Nf3 Nd7 19. Rad1 c5 20. Qc1 Nd4 21. Bd2
Nb6 22. Kh2 Qd7 23. Ng1 Qa4 24. c3 Ne6 25. Qb1 c4 26. b3 Qc6 27. b4 Nc7 28. Ne3
Be6 29. Nf5 Bf8 30. Ne3 a5 31. a3 axb4 32. axb4 Ra3 33. Nf3 f6 34. Nh4 Bf7 35.
Ng4 Nb5 36. Qc2 Rea8 37. Rb1 Na4 38. Nf5 h5 39. Nge3 Naxc3 40. Bxc3 Rxc3 41.
Qe2 gxf5 42. exf5 e4 43. Nd1 Re8 44. Bxe4 Rxe4 45. Qxe4 Qxe4 46. Rxe4 Rd3 47.
Ne3 Nc3 0-1

[Event "Gibtelecom Masters"]
[Site "Gibraltar"]
[Date "2009.01.30"]
[Round "4.41"]
[White "Van Den Bersselaar, Jeroen"]
[Black "Trent, Lawrence"]
[Result "0-1"]
[WhiteElo "2191"]
[BlackElo "2487"]
[PlyCount "54"]
[EventDate "2009.01.27"]

1. d4 Nf6 2. c4 g6 3. Nc3 Bg7 4. e4 d6 5. Nge2 a6 6. Ng3 c6 7. Be2 b5 8. O-O
Nbd7 9. Be3 O-O 10. c5 dxc5 11. dxc5 h5 12. Qc2 Ng4 13. Bxg4 hxg4 14. a4 b4 15.
Nce2 a5 16. Rad1 Qc7 17. Nd4 Ba6 18. Rfe1 Ne5 19. Kh1 Nc4 20. Bc1 Rad8 21. Nge2
Rd7 22. Bf4 e5 23. Bg3 Rfd8 24. Rc1 Rxd4 25. Nxd4 Rxd4 26. Rcd1 Qd7 27. b3 Nd2
0-1

[Event "Gibtelecom Masters"]
[Site "Gibraltar"]
[Date "2009.01.30"]
[Round "4.42"]
[White "Nemeth, Miklos"]
[Black "De Groote, Ewoud"]
[Result "1-0"]
[WhiteElo "2472"]
[BlackElo "2203"]
[PlyCount "95"]
[EventDate "2009.01.27"]

1. e4 c5 2. Nf3 d6 3. Bc4 Nc6 4. c3 Nf6 5. d3 e6 6. Bb3 Be7 7. O-O O-O 8. Re1
b6 9. Nbd2 Bb7 10. Nf1 Ne5 11. Ng3 Qc7 12. Bc2 Rfd8 13. h3 Nxf3+ 14. Qxf3 Nd7
15. Qe2 Ne5 16. f4 Nc6 17. Rf1 d5 18. Qg4 Kh8 19. a3 Ba6 20. e5 d4 21. c4 b5
22. b3 Rab8 23. Bd1 bxc4 24. bxc4 Bf8 25. Ra2 Ne7 26. Raf2 Bc8 27. Qe2 Nf5 28.
Nh1 Bb7 29. g4 Bxh1 30. gxf5 Ba8 31. fxe6 fxe6 32. f5 Be7 33. Qg4 exf5 34. Rxf5
Rb6 35. Qf4 Rg6+ 36. Bg4 h6 37. Kh2 Bg5 38. Qf2 Bxc1 39. Rxc1 Qc6 40. Rf8+ Rxf8
41. Qxf8+ Kh7 42. Rg1 Qb7 43. h4 h5 44. Qf5 Qb2+ 45. Kh3 hxg4+ 46. Rxg4 Bg2+
47. Kg3 Be4 48. Qxe4 1-0

[Event "Gibtelecom Masters"]
[Site "Gibraltar"]
[Date "2009.01.30"]
[Round "4.44"]
[White "D'Costa, Lorin A R"]
[Black "Machin Arbelo, Pedro Alexi"]
[Result "1-0"]
[WhiteElo "2445"]
[BlackElo "2134"]
[PlyCount "39"]
[EventDate "2009.01.27"]

1. d4 Nf6 2. c4 e6 3. Nf3 d5 4. g3 dxc4 5. Bg2 a6 6. O-O Nc6 7. Nc3 Rb8 8. e4
Bb4 9. Qe2 Na5 10. Rd1 O-O 11. Bd2 Qe7 12. Bg5 h6 13. Bh4 Bxc3 14. e5 Bb4 15.
exf6 Qe8 16. Qe3 Nc6 17. Ne5 Nxe5 18. dxe5 Bd7 19. fxg7 Kxg7 20. Bf6+ 1-0

[Event "Gibtelecom Masters"]
[Site "Gibraltar"]
[Date "2009.01.30"]
[Round "4.45"]
[White "Devereaux, Maxim L"]
[Black "Obers, Frits"]
[Result "0-1"]
[WhiteElo "2437"]
[BlackElo "2107"]
[PlyCount "84"]
[EventDate "2009.01.27"]

1. d4 e6 2. Nf3 Nf6 3. c4 c5 4. d5 d6 5. Nc3 exd5 6. cxd5 g6 7. e4 a6 8. Qe2
Bg7 9. e5 dxe5 10. Qxe5+ Kf8 11. Be2 Nbd7 12. Qd6+ Qe7 13. Bf4 Nh5 14. Qxe7+
Kxe7 15. d6+ Kf8 16. Bg5 Bxc3+ 17. bxc3 Kg7 18. O-O h6 19. Be3 Re8 20. Rfd1 b6
21. Nd2 Bb7 22. Bxh5 gxh5 23. Nc4 Re4 24. Nxb6 Nxb6 25. Rdb1 Nc4 26. Rxb7 Nxd6
27. Rd7 Nb5 28. Bxc5 Nxc3 29. Kf1 Kg6 30. Bd4 Nb5 31. Be3 Ra4 32. Rc1 Rxa2 33.
h4 Re8 34. Rc5 Re6 35. Rdd5 Ra1+ 36. Ke2 f5 37. Kf3 Ra3 38. g3 Rc3 39. Rxc3
Nxc3 40. Rd7 Ne4 41. Bd4 Nf6 42. Ba1 Nxd7 0-1

[Event "Gibtelecom Masters"]
[Site "Gibraltar"]
[Date "2009.01.30"]
[Round "4.47"]
[White "Dittmar, Peter"]
[Black "Aerni, Andi"]
[Result "1-0"]
[WhiteElo "2382"]
[BlackElo "2102"]
[PlyCount "79"]
[EventDate "2009.01.27"]

1. b3 d5 2. Bb2 c5 3. e3 Nc6 4. Bb5 Nf6 5. Nf3 Bg4 6. h3 Bh5 7. g4 Bg6 8. Ne5
Qc7 9. h4 Be4 10. f3 Nxg4 11. fxe4 Ngxe5 12. exd5 a6 13. dxc6 axb5 14. cxb7
Qxb7 15. Rf1 Qe4 16. Qh5 Ng6 17. Qxc5 Qxh4+ 18. Kd1 Qg4+ 19. Kc1 Qd7 20. Nc3
Rb8 21. Qh5 b4 22. Ne4 Rb5 23. Qf3 e5 24. Ng5 Rb7 25. Qe4 f6 26. Nxh7 f5 27.
Nxf8 Rxf8 28. Qg2 Rf6 29. a3 Rc6 30. axb4 Rxb4 31. Ra8+ Kf7 32. Ra7 Qxa7 33.
Qxc6 Ne7 34. Qc3 Qa6 35. d3 Re4 36. Qe1 Rg4 37. Bxe5 Nd5 38. Bb2 Qh6 39. Rxf5+
Kg8 40. Rxd5 1-0

[Event "Gibtelecom Masters"]
[Site "Gibraltar"]
[Date "2009.01.30"]
[Round "4.49"]
[White "Drenth, Jean Paul"]
[Black "Vernay, Clovis"]
[Result "0-1"]
[WhiteElo "2140"]
[BlackElo "2338"]
[PlyCount "40"]
[EventDate "2009.01.27"]

1. c4 Nf6 2. Nc3 e5 3. e4 Bb4 4. d3 h6 5. f4 d6 6. Be2 Nc6 7. Nf3 a6 8. h3 Nh5
9. O-O Ng3 10. Re1 Bc5+ 11. d4 Nxd4 12. Kh2 Ngxe2 13. Nxe2 Nxf3+ 14. gxf3 Qh4
15. Ng1 exf4 16. Re2 Bxh3 17. Qe1 Bxg1+ 18. Kxg1 Qg5+ 19. Kh2 Qh5 20. Rf2 Bg4+
0-1

[Event "Gibtelecom Masters"]
[Site "Gibraltar"]
[Date "2009.01.30"]
[Round "4.50"]
[White "Klinova, Masha"]
[Black "Dimitrijevic, Dragan"]
[Result "1/2-1/2"]
[WhiteElo "2328"]
[BlackElo "2069"]
[PlyCount "50"]
[EventDate "2009.01.27"]

1. e4 c5 2. Nf3 d6 3. Bb5+ Nd7 4. O-O Ngf6 5. Re1 e5 6. c3 a6 7. Bf1 b5 8. a4
Rb8 9. axb5 axb5 10. d4 Be7 11. b4 Qb6 12. Ra5 c4 13. Na3 Ba6 14. dxe5 dxe5 15.
Qc2 Qc6 16. Qa2 Bd8 17. Nxc4 Bxa5 18. Ncxe5 Nxe5 19. Nxe5 Qc7 20. Qxa5 Qxe5 21.
Qxa6 O-O 22. Qa3 Rfc8 23. Bb2 Qe6 24. Qa7 Qb3 25. Ba1 Ra8 1/2-1/2

[Event "Gibtelecom Masters"]
[Site "Gibraltar"]
[Date "2009.01.30"]
[Round "4.51"]
[White "Fruebing, Stefan"]
[Black "Obiamiwe, Paul"]
[Result "1-0"]
[WhiteElo "2307"]
[BlackElo "2035"]
[PlyCount "73"]
[EventDate "2009.01.27"]

1. e4 c5 2. Nf3 d6 3. d4 cxd4 4. Nxd4 Nf6 5. Nc3 a6 6. Be3 Ng4 7. Bc1 Nf6 8. f4
g6 9. Be2 Bg7 10. Bf3 Nbd7 11. a4 O-O 12. O-O Qb6 13. a5 Qc7 14. Kh1 Rb8 15.
Re1 e6 16. Be3 b6 17. e5 dxe5 18. fxe5 Nxe5 19. Bf4 Nfd7 20. Nc6 Rb7 21. Qe2 f6
22. Ne7+ Kh8 23. Nxc8 Qxc8 24. Bxb7 Qxb7 25. axb6 Qxb6 26. b3 a5 27. Be3 Qb4
28. Nb5 Qh4 29. Ra4 Qh5 30. Qxh5 gxh5 31. Nc7 Rc8 32. Nxe6 Rxc2 33. Rxa5 Bf8
34. Ra8 Kg8 35. Nxf8 Nxf8 36. Bh6 Ned7 37. Re7 1-0

[Event "Gibtelecom Masters"]
[Site "Gibraltar"]
[Date "2009.01.30"]
[Round "4.52"]
[White "Jessel, Stephen"]
[Black "De Lillo, Michele"]
[Result "1/2-1/2"]
[WhiteElo "2296"]
[BlackElo "1918"]
[PlyCount "59"]
[EventDate "2009.01.27"]

1. Nf3 Nf6 2. c4 g6 3. b4 Bg7 4. Bb2 d6 5. d3 O-O 6. g3 c6 7. Bg2 Nbd7 8. O-O
Rb8 9. Nbd2 Qc7 10. Qc2 b6 11. Nd4 Bb7 12. b5 c5 13. Nc6 Rbe8 14. a4 Nb8 15.
Nxb8 Qxb8 16. a5 Bxg2 17. Kxg2 Qb7+ 18. Kg1 Ra8 19. Bc3 h5 20. Ra3 d5 21. cxd5
Nxd5 22. Bxg7 Kxg7 23. Qb2+ f6 24. Rfa1 h4 25. gxh4 Nb4 26. Nf3 Rh8 27. axb6
axb6 28. Rxa8 Rxa8 29. Rxa8 Qxa8 30. Qc2 1/2-1/2

[Event "Gibtelecom Masters"]
[Site "Gibraltar"]
[Date "2009.01.30"]
[Round "4.53"]
[White "Csonka, Attila Istvan"]
[Black "Cafolla, Peter"]
[Result "1-0"]
[WhiteElo "2289"]
[BlackElo "2013"]
[PlyCount "63"]
[EventDate "2009.01.27"]

1. e4 c5 2. Nf3 Nc6 3. d4 cxd4 4. Nxd4 Nf6 5. Nc3 e5 6. Ndb5 d6 7. Bg5 a6 8.
Na3 b5 9. Nd5 Be7 10. Bxf6 Bxf6 11. c4 b4 12. Nc2 Rb8 13. Qf3 Bg5 14. Rd1 O-O
15. h4 Bh6 16. g4 Bf4 17. Nxf4 Qf6 18. g5 Qxf4 19. Qxf4 exf4 20. Rxd6 Ne5 21.
b3 Nf3+ 22. Kd1 Bb7 23. Bd3 Ne5 24. Ke2 Nxd3 25. Kxd3 Rfd8 26. Rd4 Rxd4+ 27.
Nxd4 Rd8 28. a3 a5 29. axb4 axb4 30. Ra1 Bc6 31. Ra6 Rd6 32. Rxc6 1-0

[Event "Gibtelecom Masters"]
[Site "Gibraltar"]
[Date "2009.01.30"]
[Round "4.56"]
[White "Madland, Kristoffer"]
[Black "Hartvig, Ove Weiss"]
[Result "1/2-1/2"]
[WhiteElo "1992"]
[BlackElo "2237"]
[PlyCount "49"]
[EventDate "2009.01.27"]

1. e4 d5 2. exd5 Nf6 3. d4 Nxd5 4. c4 Nb6 5. Nf3 g6 6. h3 Bg7 7. Be3 O-O 8. Nc3
Nc6 9. Qd2 e5 10. d5 Na5 11. b3 f5 12. Rd1 e4 13. Nd4 f4 14. Bxf4 Bxd4 15. Qxd4
Rxf4 16. b4 Naxc4 17. Bxc4 Nxc4 18. Qxc4 Qf6 19. Qd4 Rxf2 20. Qxf2 Qxc3+ 21.
Qd2 Qg3+ 22. Qf2 Qc3+ 23. Qd2 Qg3+ 24. Qf2 Qc3+ 25. Qd2 1/2-1/2

[Event "Gibtelecom Masters"]
[Site "Gibraltar"]
[Date "2009.01.30"]
[Round "4.57"]
[White "Ogada-Osir, Ibrahim Okinyi"]
[Black "Dunn, Andrew"]
[Result "0-1"]
[WhiteElo "2110"]
[BlackElo "2216"]
[PlyCount "82"]
[EventDate "2009.01.27"]

1. d4 d5 2. Nf3 Nf6 3. g3 c6 4. Bg2 Bf5 5. O-O h6 6. c4 e6 7. cxd5 exd5 8. Nc3
Nbd7 9. a3 Be7 10. b4 a6 11. Qb3 O-O 12. a4 Ne4 13. Ba3 Nxc3 14. Qxc3 Nb6 15.
Qb3 Nc4 16. Rfe1 a5 17. Rec1 Nxa3 18. Rxa3 axb4 19. Raa1 Bd6 20. Ne1 Qe7 21. e3
Ra5 22. Bf1 Rfa8 23. Bd3 Bd7 24. Ra2 b5 25. Rca1 bxa4 26. Rxa4 Qd8 27. Rxa5
Rxa5 28. Rb1 Ra3 29. Qd1 Qb6 30. Bc2 g6 31. Kg2 Kg7 32. h3 Qb8 33. g4 Qd8 34.
Nd3 Qe7 35. Qf3 Rc3 36. Ne1 Bc7 37. Rb3 Rxb3 38. Bxb3 Bd6 39. Nd3 h5 40. gxh5
Qg5+ 41. Kh1 Bf5 0-1

[Event "Gibtelecom Masters"]
[Site "Gibraltar"]
[Date "2009.01.30"]
[Round "4.58"]
[White "Nezad, Husein Aziz"]
[Black "Compton, Alistair"]
[Result "1-0"]
[WhiteElo "2403"]
[BlackElo "2079"]
[PlyCount "99"]
[EventDate "2009.01.27"]

1. e4 e6 2. d4 d5 3. Nd2 h6 4. Bd3 c5 5. dxc5 Bxc5 6. Ngf3 Nf6 7. Qe2 O-O 8.
O-O Nc6 9. c3 a6 10. b4 Ba7 11. a3 Qc7 12. Bb2 Ne5 13. Nxe5 Qxe5 14. Nf3 Qh5
15. Rac1 dxe4 16. Bxe4 Nxe4 17. Qxe4 Qf5 18. Qxf5 exf5 19. c4 Bd7 20. Bd4 Bxd4
21. Nxd4 Rfd8 22. f4 g6 23. Ne2 Bc6 24. Nc3 Rd2 25. Rf2 Rd4 26. c5 Rad8 27. g3
Kg7 28. Kf1 Kf6 29. Ke1 g5 30. Rcc2 gxf4 31. gxf4 Rg8 32. Ne2 Rd3 33. Rc3 Rgd8
34. Rxd3 Rxd3 35. Ng3 Rxa3 36. Rd2 Ra4 37. Rd6+ Ke7 38. Nxf5+ Ke8 39. Rd4 a5
40. b5 Rxd4 41. Nxd4 Be4 42. Kd2 Kd7 43. Kc3 Kc7 44. b6+ Kd7 45. Kc4 Bc6 46.
Nb3 a4 47. Na5 f6 48. Kb4 h5 49. h4 f5 50. Ka3 1-0

[Event "Gibtelecom Masters"]
[Site "Gibraltar"]
[Date "2009.01.30"]
[Round "4.60"]
[White "Perman, Torvald"]
[Black "Welling, Gerard"]
[Result "0-1"]
[WhiteElo "2077"]
[BlackElo "2371"]
[PlyCount "76"]
[EventDate "2009.01.27"]

1. c4 b6 2. Nf3 Bb7 3. g3 Bxf3 4. exf3 c5 5. Bg2 Nc6 6. f4 Rc8 7. Nc3 e6 8. O-O
Nge7 9. d3 Nd4 10. a3 g6 11. Rb1 Bg7 12. Bd2 O-O 13. b4 d6 14. Re1 h5 15. Ne2
Nef5 16. Nxd4 Bxd4 17. a4 Qf6 18. b5 Rfd8 19. a5 Ne7 20. axb6 axb6 21. Qb3 d5
22. Be3 Bc3 23. Red1 Rd6 24. Bd2 Bxd2 25. Rxd2 dxc4 26. Qxc4 Kg7 27. Ra2 Rcd8
28. Ra6 Rd4 29. Qa2 R8d6 30. Rb3 c4 31. dxc4 Rd1+ 32. Bf1 R6d2 33. Qa3 Qf5 34.
Kg2 Qe4+ 35. Rf3 Qe1 36. Be2 Qxe2 37. Qc3+ f6 38. Kh3 Qf1+ 0-1

[Event "Gibtelecom Masters"]
[Site "Gibraltar"]
[Date "2009.01.30"]
[Round "4.61"]
[White "Lumsdon, Andrew"]
[Black "Forsaa, Espen"]
[Result "1/2-1/2"]
[WhiteElo "2051"]
[BlackElo "2322"]
[PlyCount "106"]
[EventDate "2009.01.27"]

1. d4 Nf6 2. Nf3 e6 3. e3 c5 4. dxc5 Bxc5 5. a3 O-O 6. b4 Be7 7. Bb2 b6 8. Nbd2
Qc7 9. c4 d6 10. Be2 Bb7 11. O-O Nbd7 12. Rc1 Rac8 13. Qb3 Qb8 14. Rfd1 Rfd8
15. Nd4 Ne5 16. N2f3 Ng6 17. Nb5 Nd7 18. Rd2 Nge5 19. Qd1 Nf6 20. Nxe5 dxe5 21.
Rxd8+ Rxd8 22. Qc2 Be4 23. Qb3 Rd2 24. Nc3 Bc6 25. Rd1 Qd8 26. Bc1 Rd7 27. f3
e4 28. f4 Qc7 29. Rxd7 Nxd7 30. Qc2 f5 31. Qd2 Qd6 32. Qxd6 Bxd6 33. Bb2 Kf7
34. Kf2 e5 35. g3 h6 36. h4 g6 37. Bd1 exf4 38. exf4 Nf8 39. Ne2 Ne6 40. Ke3 g5
41. hxg5 hxg5 42. Bc3 Bd7 43. Bc2 Kg6 44. Bd1 Kh6 45. Be1 Be8 46. fxg5+ Kxg5
47. Nd4 Nxd4 48. Kxd4 Kf6 49. Kd5 Ke7 50. c5 bxc5 51. bxc5 Bf7+ 52. Kc6 Be8+
53. Kd5 Bf7+ 1/2-1/2